Načítá se...
Ethical intuitionism/
| Hlavní autor: | |
|---|---|
| Médium: | Printed Book |
| Vydáno: |
New York:
Palgrave Macmillan,
2005.
|
| Témata: |
| LEADER | 00549nam a22001691a 4500 | ||
|---|---|---|---|
| 020 | |a 9780230573741 | ||
| 082 | |a 170.42 |b MIC/E | ||
| 100 | |a Michael Huemer | ||
| 245 | |a Ethical intuitionism/ |c by Michael Huemer | ||
| 260 | |a New York: |b Palgrave Macmillan, |c 2005. | ||
| 300 | |a 309p. | ||
| 650 | |a Ethics | ||
| 650 | |a Intuition | ||
| 650 | |a Philosophy | ||
| 942 | |c BK | ||
| 999 | |c 13916 |d 13916 | ||
| 952 | |0 0 |1 0 |4 0 |6 170_420000000000000_MIC_E |7 0 |9 19954 |a SSUS |b SSUS |c STACKS |d 2015-01-08 |g 1559.00 |l 1 |o 170.42 MIC/E |p 058037 |r 2018-05-23 |s 2018-04-25 |v 0.00 |w 2015-01-08 |y BK | ||